00000000nam##2200000za#4500
0019.690615
003CaOODSP
00520210624232415
007cr |||||||||||
008150407|2008||||xxc|||||o    f|0| 0 eng|d
020 |a978-0-662-47720-4
040 |aCaOODSP|beng
043 |an-cn---
0861 |aP103-4/2008E-PDF
1101 |aCanada. |bPublic Works and Government Services Canada.
24510|aDevelopment process of a security plan / |h[electronic resource]|c[by] Controlled Goods Directorate.
260 |aOttawa - Ontario : |bPublic Works and Government Services Canada |cc2008.
300 |a8p.
500 |a"The purpose of the Security Plan is to ensure that adequate security measures are implemented in the protection of controlled goods" - on cov.
590 |a12-24-Supp|b2012-05-30
69007|aSecurity|2gcpds
77508|tLe processus d'élaboration d'un plan de sûreté / |w(CaOODSP)9.634962
85640|ahttp://publications.gc.ca|qPDF|s539 KB|uhttps://publications.gc.ca/collections/collection_2012/tpsgc-pwgsc/P103-4-2008-eng.pdf